000 00323 a2200109 4500
001 ART_5577
005 20260410161827.0
008 260409a
245 1 0 _aProgreso técnico ligado al capital
100 1 _aKlodt, Henning
773 0 _tEstudios Económicos
_g- Vol. 4, Nº 7/8 (ene./dic. 1986)
_wREV5080
999 _c22917
_d22917